| 000 | 01148cam a22003255a 4500 | ||
|---|---|---|---|
| 001 | 17987141 | ||
| 005 | 20150727120917.0 | ||
| 008 | 140103s2014 enka frbf f001 0 eng d | ||
| 020 | _a9780199679850 (flexicover) | ||
| 040 |
_aDLC _beng _cDLC _dEG-ScBUE |
||
| 082 | 0 | 4 |
_a617.6 _bMIT _222 |
| 100 | 1 |
_aMitchell, David. _938251 |
|
| 245 | 1 | 0 |
_aOxford handbook of clinical dentistry / _cDavid A. Mitchell and Laura Mitchell ; with contributions from Lorna McCaul. |
| 246 | 3 | 0 | _aClinical dentistry |
| 250 | _a6th ed. | ||
| 260 |
_aOxford ; _aNew York : _bOxford University Press, _c2014. |
||
| 300 |
_axviii, 794 p. ; _bill. ; _c14 cm. |
||
| 490 | 0 | _aOxford handbooks | |
| 490 | 0 | _aOxford Medical Publications | |
| 500 | _aIndex : p. 779-794. | ||
| 504 | _aIncludes bibliographical references. | ||
| 650 | 0 |
_aMouth Diseases _xtherapy _vHandbooks, manuals, etc. _2BUEsh |
|
| 650 |
_aTooth Diseases _xtherapy _vHandbooks, manuals, etc. _2BUEsh |
||
| 651 | _2BUEsh | ||
| 653 |
_bDDent _cJune2015 _cJuly2015 |
||
| 655 |
_vreading book _934232 |
||
| 700 | 1 | _aMitchell, Laura. | |
| 700 | 1 |
_a McCaul, Lorna, _econtributor. |
|
| 942 |
_2ddc _k617.6 MIT |
||
| 999 |
_c19999 _d19971 |
||